000
00327nam a2200133Ia 4500
008
150201s2009 xx 000 0 und d
082
_a
616.07
_b
M09R
100
_a
ROTHMAN,KENNETH J
245
_a
MODERN EPIDEMIOLOGY
250
_a
3RD
260
_b
LIPPINCOTT
_a
DELHI
_c
2009
650
_a
COMMUNITY MEDICINE
942
_2
ddc
_c
BK
_0
2
999
_c
1153
_d
1153